Catalog

Record Details

Catalog Search



Kriminalita mládeže na území Ústeckého kraje a programy policejní prevence na Chomutovsku : absolventská práce Cover Image Book Book

Kriminalita mládeže na území Ústeckého kraje a programy policejní prevence na Chomutovsku : absolventská práce Lucie Zocherová ; Vedoucí práce: Jan Dočkal

Record details

  • Physical Description: 84 s. 4 příl.

Content descriptions

Bibliography, etc. Note:
bibliogr. s. 75

Available copies

  • 1 of 1 copy available at Common Catalog SPOK.

Holds

  • 0 current holds with 1 total copy.
Show Only Available Copies
Location Call Number / Copy Notes Barcode Shelving Location Status Due Date
Jabok Library ABP-1437 424480022817 Absolventské práce Reference -

LDR 00793ntm a22 a 4500
0015828
003CZ-PrJAB
00520120719133800.0
008090521s2007 xr e |||| |cze
009cz
035 . ‡a(CONS)5828
035 . ‡aKPS0018797
0410 . ‡acze
10011. ‡715048 ‡aZocherová, Lucie
110 2. ‡aJabok - Vyšší odborná škola sociálně pedagogická a teologická
2451 . ‡aKriminalita mládeže na území Ústeckého kraje a programy policejní prevence na Chomutovsku : ‡babsolventská práce ‡cLucie Zocherová ; Vedoucí práce: Jan Dočkal
260 . ‡aPraha ‡c2007
300 . ‡a84 s. ‡b4 příl.
504 . ‡abibliogr. s. 75
653 . ‡akriminalita mládeže ‡aÚstecký kraj ‡aChomutovsko ‡apolicejní prevence ‡aprogramy prevence kriminality
70011. ‡72225 ‡aDočkal, Jan ‡d1940-
999 . ‡a1437- ‡c1437- ‡i424480022817 ‡tP
910 . ‡aABG312
901 . ‡a5828 ‡bUnknown ‡c5828 ‡tbiblio

Additional Resources